000 00386 a2200121 4500
001 ART_7563
005 20260410161555.0
008 260409a
245 1 0 _aLa actividad apícola en el marco de las normas contables vigentes
100 1 _aSimaro, Gustavo
700 1 _aTorchelli, Valeria
773 0 _tProfesional & Empresaria
_g- Año IX, Nº 104 (may. 2008)
_wREV70
999 _c9137
_d9137